Managing and designing landscapes for conservation : moving from perspectives to principles

The distinctive relationships between landscape change, habitat fragmentation, and biodiversity conservation are highlighted in this original and useful guide to the theory and practice of ecological landscape design. Using original, ecologically based landscape design principles, the text undersco...

Volledige beschrijving

Bewaard in:
Bibliografische gegevens
Formaat: Boek
Taal:Undetermined
Gepubliceerd in: Malden, MA Blackwell Pub., 2008
Onderwerpen:
Tags: Voeg label toe
Geen labels, Wees de eerste die dit record labelt!
Thư viện lưu trữ: Trung tâm Học liệu Trường Đại học Cần Thơ
LEADER 01186nam a2200205Ia 4500
001 CTU_132988
008 210402s9999 xx 000 0 und d
020 |c 1376000 
082 |a 712 
082 |b M266 
245 0 |a Managing and designing landscapes for conservation : 
245 0 |b moving from perspectives to principles 
245 0 |c edited by David B. Lindenmayer, Richard J.Hobbs. 
260 |a Malden, MA 
260 |b Blackwell Pub., 
260 |c 2008 
520 |a The distinctive relationships between landscape change, habitat fragmentation, and biodiversity conservation are highlighted in this original and useful guide to the theory and practice of ecological landscape design. Using original, ecologically based landscape design principles, the text underscores current thinking in landscape management and conservation. It offers a blend of theoretical and practical information that is illustrated with case studies drawn from across the globe. 
650 |a Landscape protection,Ecological landscape design,Bảo vệ cảnh quan,Thiết kế cảnh quan sinh thái 
910 |a Hạ Nguyên 
980 |a Trung tâm Học liệu Trường Đại học Cần Thơ